000 00474nam a22001817a 4500
005 20231012203056.0
008 231012b |||||||| |||| 00| 0 eng d
020 _a9781292095370
082 _a658.11
_bBAR-E
100 _aBarringer,Burce R.
245 _aEntrepreneurship
_b Successfully Launching new Ventures
250 _a5th.ed.
260 _aUSA
_bPearson
_c2016
300 _a590
500 _aInclude Index
650 _aManagement
700 _aBurce R.Barringer
999 _c33884
_d33884